| 000 | 01224nam a2200301 i 4500 | ||
|---|---|---|---|
| 001 | 57031 | ||
| 003 | ES-MaACL | ||
| 005 | 20250520190032.0 | ||
| 007 | t| | ||
| 008 | 031014s1980 sp |||| | spa d | ||
| 020 | _a84-306-2997-1 | ||
| 245 | 0 | 0 |
_aHistoria de la literatura española / _cplaneada y coordinada por José María Díez Borque. |
| 260 |
_a[Madrid] : _bTaurus, _c[1980] |
||
| 300 |
_a4 v. ; _c21 cm. |
||
| 505 | 8 | _aContiene: 1. La Edad Media / José Simón Díaz... [et al.] - 2. Renacimiento y Barroco / Juan Bautista Avalle-Arce... [et al.] - 3. Siglos XVIII y XIX / Elena Catena... [et al.] - 4. El siglo XIX / José Luis Abellán... [et al.] | |
| 650 | 4 |
_aLiteratura española- _xHistoria y crítica _914560 |
|
| 700 | 1 |
_aDíez Borque, José María, _d1947- _944682 |
|
| 700 | 1 |
_aSimón Díaz, José. _9106544 |
|
| 700 | 1 |
_aAvalle-Arce, Juan Bautista _923989 |
|
| 700 | 1 |
_aCatena, Elena. _937056 |
|
| 700 | 1 |
_aAbellán, José Luis, _d1933-2023 _9176509 |
|
| 852 |
_aES-MaACL _jL-196 _cDEPO2 |
||
| 852 |
_aES-MaACL _jL-197 _cDEPO2 |
||
| 852 |
_aES-MaACL _jL-198 _cDEPO2 |
||
| 852 |
_aES-MaACL _jL-199 _cDEPO2 |
||
| 942 |
_2udc _cMONOGRAFIA |
||
| 999 |
_c57031 _d57031 |
||